HOW TO ORGANIZE YOURSELF (Record no. 21671)

MARC details
000 -LEADER
fixed length control field 00333nam a2200133Ia 4500
008 - FIXED-LENGTH DATA ELEMENTS--GENERAL INFORMATION
fixed length control field 240624s9999 xx 000 0 und d
041 ## - LANGUAGE CODE
Language code of text/sound track or separate title eng
082 ## - DEWEY DECIMAL CLASSIFICATION NUMBER
Classification number 155.25 CAU
100 ## - MAIN ENTRY--PERSONAL NAME
Personal name CAUNT JOHN
245 ## - TITLE STATEMENT
Title HOW TO ORGANIZE YOURSELF
260 ## - PUBLICATION, DISTRIBUTION, ETC.
Date of publication, distribution, etc. 2013
Place of publication, distribution, etc. New Delhi
Name of publisher, distributor, etc. Kogan Page
300 ## - PHYSICAL DESCRIPTION
Extent vii, : 179 : p. : cm. ; 22
365 ## - TRADE PRICE
Currency code RS
Price amount 33
Holdings
Withdrawn status Lost status Damaged status Not for loan Home library Current library Shelving location Date acquired Source of acquisition Cost, normal purchase price Total Checkouts Total Renewals Full call number Barcode Date due Date last seen Date last checked out Copy number Price effective from Koha item type
        IMTN IMTN Rack 1-B 09/06/2013 AP 250.00 4 1 155.25 CAU 21671 01/26/2026 01/16/2026 01/16/2026 1 06/24/2024 Books
Designed & Maintained by: LRC IMT Nagpur Contact: lrc@imtnag.ac.in© 2024. All Rights Reserved.